00347nam a22001097a 450000500170000000800410001704000130005808200230007124500680009426000640016230000110022620180305123414.0170801b xxu||||| |||| 00| 0 eng d cPK-LaUMT aZIAC 291.172bTRI- aTrialogue of the Abrahamic faiths/cIsmail Raji al Faruqi (ed.) aHerndon:bInternational institute of Islamic thought,c1991 a103 p.